Catálogo
 En Linea

Plaguicidas agricolas y su aplicacion / (Registro nro. 11243)

Detalles MARC
000 -CABECERA
campo de control de longitud fija 00758nam a22002057i 4500
001 - NÚMERO DE CONTROL
campo de control 000011548
005 - FECHA Y HORA DE LA ÚLTIMA TRANSACCIÓN
campo de control 20200929162503.0
008 - DATOS DE LONGITUD FIJA--INFORMACIÓN GENERAL
campo de control de longitud fija 790227|1974 ||| 000 0 spa
010 ## - NÚMERO DE CONTROL DE LA BIBLIOTECA DEL CONGRESO
Número de control de LC 79102756
020 ## - NÚMERO INTERNACIONAL ESTÁNDAR DEL LIBRO
Número Internacional Estándar del Libro 8450006562
040 ## - FUENTE DE LA CATALOGACIÓN
Centro catalogador/agencia de origen DO-SdBNP
Centro/agencia transcriptor DLC
Centro/agencia modificador DLC
050 00 - SIGNATURA TOPOGRÁFICA DE LA BIBLIOTECA DEL CONGRESO
Número de clasificación MLCM 83/8720 (S)
100 2# - ENTRADA PRINCIPAL--NOMBRE DE PERSONA
Nombre de persona Alfaro Moreno, Agustin.
9 (RLIN) 27320
245 10 - MENCIÓN DE TÍTULO
Título Plaguicidas agricolas y su aplicacion /
Mención de responsabilidad, etc. por Agustin Alfaro Moreno ; con la colaboracion de Agustin Alfaro Garcia.
250 ## - MENCIÓN DE EDICIÓN
Mención de edición 4. ed.
260 ## - PUBLICACIÓN, DISTRIBUCIÓN, ETC.
Lugar de publicación, distribución, etc. Madrid : Instituto Nacional de Investigaciones Agrarias, Ministerio de Agricultura, 1974.
300 ## - DESCRIPCIÓN FÍSICA
Extensión xv, 594 p., [2] fold. leaves of plates : ill. ; 25 cm.
440 #0 - MENCIÓN DE SERIE/PUNTO DE ACCESO ADICIONAL--TÍTULO
Título Coleccion monografias I.N.I.A. ; no. 6
9 (RLIN) 27321
910 ## - DATOS DE OPCIÓN DEL USUARIO (OCLC)
Datos de opción del usuario Catalogación derivada
Existencias
Estado de retiro Estado de pérdida Restricciones de uso No para préstamo Código de colección Localización permanente Ubicación/localización actual Ubicación en estantería Fecha de adquisición Número de inventario Total de préstamos Signatura topográfica completa Código de barras Fecha visto por última vez Precio válido a partir de Tipo de ítem Koha
    Préstamo interno   Monografías: Libros y Folletos General General En catalogación 20.10.2009 LF1   11548-10 25.06.2020 25.06.2020 Préstamo interno

Con tecnología Koha